LDR 00771naa#a2200157#i#450# 001 RU\\bibl\124884 005 20260604110358.4 011 ## _a2221-3260 100 ## _a20260331b2026####ek#y0rusy0150####ca 102 ## _aRU 200 1# _aЭкономический рост, инновации и устойчивое развитие: взаимосвязь и противоречия в экономиках развивающихся стран _eЖурнальная статья 210 1# _aЯрославль _cЯрославский государственный технический университет _d2026 215 ## _a15 с. 608 ## _aЖурнальная статья _2local 700 #1 _aЕлкин _gСтанислав Евгеньевич 856 4# _atheoreticaleconomy.ru _u